Zákon /

Gespeichert in:
Bibliographische Detailangaben
1. Verfasser: Bastiat, Frederic (Verfasst von)
Format: Buch
Sprache:Tschechisch
Veröffentlicht: Praha : Academia, 1991
Ausgabe:1.vyd.
Schlagworte:
Tags: Tag hinzufügen
Keine Tags, Fügen Sie das erste Tag hinzu!

MARC

LEADER 00000nam a22000003a 4500
001 stu1521
005 20150617225619.6
008 920511s1991----cs------------------cze-d
020 |a 80-200-0404-1 
040 |a STU  |b slo 
041 0 |a cze 
044 |a cs 
080 |a 34.03  |7 stu_us_auth*stu8124 
080 |a 321  |7 stu_us_auth*stu8202 
100 1 |a Bastiat, Frederic  |4 aut 
245 1 |a Zákon /  |c [aut.] Bastiat,Frederic 
250 |a 1.vyd. 
260 |a Praha :  |b Academia,  |c 1991 
300 |a 58 s 
650 7 |a právo  |2 stusub 
650 7 |a spoločenské vzťahy  |2 stusub 
996 |b E76424  |c R*76424  |l RRUM  |s A  |a 24  |w stu1521_0001